La vie économique de l'Europe au XVI siècle

Guardat en:
Dades bibliogràfiques
Autor principal: Zeller, Gaston (Autor)
Format: Llibre
Idioma:francès
Publicat: París Centre de Documentation Universitaire 1952
Col·lecció:Les Cours de Sorbonne
Matèries:
Etiquetes: Afegir etiqueta
Sense etiquetes, Sigues el primer a etiquetar aquest registre!

MARC

LEADER 00000nam a2200000 a 4500
001 UCP9914
003 CL-VaPUC
008 000407e19520000FR |||||||||||||||||fre|d
082 0 4 |a 940.232  |b ZEL  |2 21 
100 0 |a Zeller, Gaston  |e author  |9 440859 
245 1 3 |a La vie économique de l'Europe au XVI siècle 
300 |a v 
942 |c BK 
945 |d 20000407 00:00:00  |a rherrera 
260 |a París  |b Centre de Documentation Universitaire  |c 1952 
650 0 |a Historia de Europa Siglo 16  |9 346729 
650 0 |a Vida económica   |9 388270 
651 0 |a Europa  |9 255156 
583 |a last modification  |c 20160817 04:31:06  |k Rodrigo Vera 
490 0 |a Les Cours de Sorbonne 
999 |c 286694  |d 286692 
952 |0 0  |1 0  |4 0  |6 940_232000000000000_ZEL_1952  |7 0  |8 A  |9 332764  |a BIBHIS  |b BIBHIS  |d 2019-11-20  |h v.3  |i 1262807  |o 940.232 ZEL 1952  |p 1262807  |r 2025-01-20  |w 2019-11-20  |y BK  |k HIS